000 00978nam a22001937a 4500
999 _c62212
_d62212
005 20240801195503.0
008 240801s2016 en ||||| |||| 00| 0 eng d
020 _a9781259250989 X
041 _aeng
080 _a611.018+576 M-60
100 _aMescher, Anthony L
_d(Author)
_923047
245 _a Junqueira's basic histology : text and atlas /
_cAnthony L. Mescher
250 _aFourteenth edition
264 _a New York:
_bMcGraw-Hill Education,
_c2016.
300 _axi, 560 pages :
_b illustrations (chiefly color) ;
_c 28 cm.
653 _aExplains the function of cell and tissue structure in the human body. Updated to reflect the research in the field, and enhanced with more than 1,000 illustrations, this title includes chapters focusing on the cytoplasmic and nuclear compartment of the cell, the four basic tissues that form the organs, and each organ system
653 _a სამედიცინო ემბრიოლოგია
942 _2udc
_cBK